|
|
|
|
| LEADER |
01062nam a2200301 a 4500 |
| 001 |
1496 |
| 003 |
BD-DhAAL |
| 005 |
20150428101648.0 |
| 008 |
150428s1988 ilua b 001 0 eng |
| 010 |
|
|
|a 86032804
|
| 020 |
|
|
|a 0030034744
|
| 040 |
|
|
|a DLC
|c DLC
|d DLC
|d BD-DhAAL
|
| 050 |
0 |
0 |
|a HF1411
|b .Y34 1988
|
| 082 |
0 |
0 |
|a 337
|2 19
|
| 100 |
1 |
|
|a Yarbrough, Beth V.
|9 10799
|
| 245 |
1 |
4 |
|a The world economy :
|b trade and finance /
|c Beth V. Yarbrough, Robert M. Yarbrough.
|
| 260 |
|
|
|a Chicago :
|b Dryden Press,
|c c1988.
|
| 300 |
|
|
|a xxii, 666 p. :
|b ill. ;
|c 24 cm.
|
| 504 |
|
|
|a Includes bibliographies and index.
|
| 541 |
|
|
|e 1496
|
| 650 |
|
0 |
|a Commercial policy.
|9 10800
|
| 650 |
|
0 |
|a International finance.
|9 10801
|
| 650 |
|
0 |
|a International economic relations.
|9 7636
|
| 650 |
|
0 |
|a Economic policy.
|9 10802
|
| 700 |
1 |
|
|a Yarbrough, Robert M.
|9 10803
|
| 942 |
|
|
|2 ddc
|c BK
|
| 999 |
|
|
|c 34333
|d 34333
|
| 952 |
|
|
|0 0
|1 0
|2 ddc
|4 0
|6 337_000000000000000_YAR
|7 0
|9 53599
|a SCL
|b SCL
|c GEN
|d 2015-04-28
|e Gift: The Asia Foundation
|l 0
|o 337 YAR
|p 3020001496
|r 2015-04-28
|t 1
|w 2015-04-28
|y BK
|